| 000 | 00566nam a2200217Ia 4500 | ||
|---|---|---|---|
| 008 | 210210b1928 xxu||||| |||| 00| 0 eng d | ||
| 041 | _aeng | ||
| 082 | _a884/20 | ||
| 100 | _aROY (Pi Si) Ed | ||
| 245 | _aMahabharata XI: Asvamedha, Asramavasika, mahaprasthanik svargarohanika parvas | ||
| 260 |
_aCalcutta _b- _c1928 |
||
| 650 | _aXI: | ||
| 650 | _asvargarohanika | ||
| 650 | _aparvas | ||
| 650 | _amahaprasthanik | ||
| 650 | _aMahabharata | ||
| 650 | _aAsvamedha, | ||
| 650 | _aAsramavasika, | ||
| 690 | _aSanskrit Purana & Smrithi | ||
| 906 | _a024428 | ||
| 999 |
_c149918 _d149918 |
||